00409nam a2200145Ia 4500008004100000040001900041041001200060082002300072100002100095245004100116260002900157300002300186650003300209850002100242131103s9999 xx 000 0 und d aLoreto College aEnglish a823.91/KIPbLCLIB/ aKipling, Rudyard aRewards and fairiescRudyard Kipling aLondonbMacmillanc[19?] axii,335p. c 22cm. aEnglish fiction - ciriticism aLCLIB/823.91/KIP